Strain-specific differentiation of lactococci in mixed starter culture populations using randomly amplified polymorphic DNA-derived probes /

Guardat en:
Dades bibliogràfiques
Autor principal: Erlandson, K.
Altres autors: Batt, C. A.
Format: Article
Idioma:English
Matèries:
Etiquetes: Afegir etiqueta
Sense etiquetes, Sigues el primer a etiquetar aquest registre!
Thư viện lưu trữ: Thư viện Trường Đại học Đà Lạt
LEADER 01017nam a2200325 4500
001 DLU090096132
005 ##20091201
040 # # |a DLU  |b eng 
041 # # |a eng 
044 # # |a us 
100 # # |a Erlandson, K. 
245 # # |a Strain-specific differentiation of lactococci in mixed starter culture populations using randomly amplified polymorphic DNA-derived probes /  |c K. Erlandson, C. A. Batt. 
653 # # |a Bacteria 
653 # # |a Fermentation 
653 # # |a Genetic marker 
653 # # |a Lactic acid bacteria 
653 # # |a Molecular probe 
653 # # |a Polymorphism 
653 # # |a Strain specificity 
700 # # |a Batt, C. A. 
773 # # |t Applied and Environmental Microbiology  |g Vol. 63, no. 7 (April 1997), p. 2702-2707 
920 # # |a Phòng Tạp chí -- Trung tâm Thông tin - Thư viện Trường Đại học Đà Lạt 
994 # # |a DLU 
900 # # |a True 
911 # # |a Trương Bảo Trâm Anh 
925 # # |a G 
926 # # |a A 
927 # # |a BB 
980 # # |a Thư viện Trường Đại học Đà Lạt